|
|
|
|
| LEADER |
00963nam a2200241 a 4500 |
| 001 |
00025195 |
| 008 |
120603s2010 enka 000 1 eng |
| 020 |
|
|
|a 9780194247696 (book.)
|
| 020 |
|
|
|a 9780194247337 (book and multiROM pack)
|
| 040 |
|
|
|a BD-DhAAL
|c BD-DhAAL
|
| 082 |
0 |
0 |
|a 428.6
|2 22
|
| 100 |
1 |
|
|a Escott, John.
|
| 245 |
1 |
4 |
|a The wild west /
|c John Escott.
|
| 260 |
|
|
|a Oxford ;
|a New York :
|b Oxford University Press,
|c c2010.
|
| 300 |
|
|
|a 51 p. :
|b col. ill. maps ;
|c 21 cm.
|
| 490 |
0 |
|
|a Dominoes. Level one.
|
| 541 |
|
|
|e 00025195
|
| 650 |
0 |
|
|a Readers (Adult)
|
| 650 |
0 |
|
|a Readers for new literates.
|
| 650 |
|
0 |
|a Reading comprehension
|v Problems, exercises, etc.
|
| 852 |
1 |
|
|a Ayesha Abed Library
|c General shelf.
|
| 999 |
|
|
|c 12333
|d 12333
|
| 952 |
|
|
|0 0
|1 0
|2 ddc
|4 0
|6 428_600000000000000_ESC
|7 0
|9 20383
|a BRACUL
|b BRACUL
|c GEN
|d 2012-06-04
|e Paragon Enterprise
|g 140.00
|l 0
|o 428.6 ESC
|p 3010025195
|r 2012-06-04
|t 1
|w 2012-06-04
|y BK
|x Transferred from BIL to BRACUL on 06/06/22
|